00373 2200157 4500001002100000005001500021035002000036245002600056100001400082250001100096300002300107260004900130082000600179084001200185020001800197INLIS00000000000019420220809095224 a0010-08220000151 aSi Putih /cTere Liye0 aTere Liye aCet. 2 a376 hlm. ;c20 cm. aJakarta :bPT. gramedia pustaka utama,c2021 aF aF TER s a9786020652252